| Tag |
First Indicator |
Second Indicator |
Subfields |
| LEADER |
00000nmm a22000001a 4500 |
| 001 |
in00004626257 |
| 006 |
m|||||o||m|||||||| |
| 007 |
cr|cn |||uuuuu |
| 008 |
221118s2016 xxu||||eo|||| ||||||eng d |
| 005 |
20221207221355.2 |
| 035 |
|
|
|a (TxWaIVM)IV70436DaCu
|
| 040 |
|
|
|a TxWaIVM
|c TxWaIVM
|
| 245 |
0 |
0 |
|a Cut GN /
|c powered by Library Pass.
|
| 260 |
3 |
|
|a [United States] :
|b Dark Horse,
|c 2016.
|
| 300 |
|
|
|a 1 online resource.
|
| 336 |
|
|
|a text
|b txt
|2 rdacontent
|
| 337 |
|
|
|a computer
|b c
|2 rdamedia
|
| 338 |
|
|
|a online resource
|b cr
|2 rdacarrier
|
| 520 |
|
|
|a The latest addition to the Dark Horse horror line is this chilling original graphic novel from writer and publisher Mike Richardson (The Secret, Cravan). Twentysomething Meagan Walters regains consciousness and finds herself locked in an empty room of an old house. She's bleeding from the back of her head, and has no memory of where the wound came from -- she'd been at a club with some friends... left angrily... was she abducted? When Meagan peers through the door's keyhole, she starts to suspect that her captor isn't quite human...
|
| 521 |
|
|
|a 4
|
| 538 |
|
|
|a Requires a valid library card and registration for new users.
|
| 538 |
|
|
|a Mode of access: World Wide Web.
|
| 538 |
|
|
|a System requirements: Flash 10.1 or higher, Windows XP and higher, Internet Explorer 7 and higher, Firefox 3.6 and higher, Google Chrome; Max OS 10.5 and higher, Safari 4 and higher.
|
| 650 |
|
0 |
|a Horror comic books, strips, etc.
|
| 655 |
|
7 |
|a Electronic books.
|2 local
|
| 655 |
|
7 |
|a Horror comic books, strips, etc.
|2 gsafd
|
| 650 |
|
0 |
|a Suspense comic books, strips, etc.
|
| 655 |
|
7 |
|a Suspense comic books, strips, etc.
|2 gsafd
|
| 650 |
|
0 |
|a Fantasy comic books, strips, etc.
|
| 655 |
|
7 |
|a Fantasy comic books, strips, etc.
|2 gsafd
|
| 700 |
1 |
|
|a Richardson, Mike.
|e writer.
|
| 700 |
1 |
|
|a Richardson, Mike.
|e artist.
|
| 710 |
2 |
|
|a Library Pass, LLC.
|
| 856 |
4 |
0 |
|u http://proxy.library.tamu.edu/login?url=https://tamu.librarypass.com/product/com.iversecomics.dark.horse.cut.gn.english.04142016
|z Connect to this electronic book (First time users create your free account)
|t 0
|
| 955 |
|
|
|a Comics Plus.
|
| 999 |
f |
f |
|s b64544d3-40e7-488b-85ad-37576c120df6
|i dc3a50dc-b2d4-4fb9-a201-26deb274a5d3
|t 0
|
| 952 |
f |
f |
|a Texas A&M University
|b College Station
|c Electronic Resources
|d Available Online
|t 0
|h Library of Congress classification
|
| 998 |
f |
f |
|t 0
|l Available Online
|